LEADER 00829nam0-22002891i-450- 001 990001826480403321 005 20021010 035 $a000182648 035 $aFED01000182648 035 $a(Aleph)000182648FED01 035 $a000182648 100 $a20021010d--------km-y0itay50------ba 101 0 $aita 200 1 $aDell' acqua salso - jodica della Salvarola nell' Emilia$fGiovanni Giorgini. 210 $aParma$cTipi Cavour di P. Grazioli$d1861. 215 $a24 p.$d21 cm 610 0 $aAcqua 676 $a546.22 700 1$aGiorgini,$bGiovanni$057835 801 0$aIT$bUNINA$gRICA$2UNIMARC 901 $aBK 912 $a990001826480403321 952 $a60 DONO COMES 23/36$b36497$fFAGBC 959 $aFAGBC 996 $aDell' acqua salso - jodica della Salvarola nell' Emilia$9413247 997 $aUNINA DB $aING01 LEADER 00908nam0-22003011i-450- 001 990009113400403321 005 20091106101209.0 035 $a000911340 035 $aFED01000911340 035 $a(Aleph)000911340FED01 035 $a000911340 100 $a20091106d1987----km-y0itay50------ba 101 0 $aita 102 $aIT 105 $ay-------001yy 200 1 $aScritti sul Molise$edescrizione del contado di Molise$fGiuseppe Maria Galanti$ga cura di Francesco Barra 210 $aNapoli$cSocietā editrice napoletana$d1987 215 $a266 p., 2 c. di tav.$cill.$d23 cm 676 $a945.719 700 1$aGalanti,$bGiuseppe Maria$f<1743-1806 >$036576 702 1$aBarra,$bFrancesco$f<1947- > 801 0$aIT$bUNINA$gRICA$2UNIMARC 901 $aBK 912 $a990009113400403321 952 $aSDI-KG 1138$b1050$fSDI 959 $aSDI 996 $aScritti sul Molise$9781058 997 $aUNINA